[Event "FRA-chT2 0304"]
[Site "France"]
[Date "2004.03.13"]
[Round "8"]
[White "Moltchanov, Roman"]
[Black "Bauduin, Etienne"]
[Result "1-0"]
[WhiteElo "2395"]
[BlackElo "2245"]
[PlyCount "79"]
[EventDate "2003.10.??"]
[EventType "team"]
[EventRounds "11"]
[EventCountry "FRA"]
[SourceTitle "EXT 2005"]
[Source "ChessBase"]
[SourceDate "2004.11.15"]
[SourceVersion "1"]
[SourceVersionDate "2004.11.15"]
[SourceQuality "1"]

1. e4 e6 2. d4 d5 3. Nc3 Nf6 4. e5 Nfd7 5. f4 c5 6. Nf3 Nc6 7. Be3 cxd4 8. Nxd4 Bc5 9. Qd2 0-0 10. 0-0-0 a6 11. h4 Nxd4 12. Bxd4 b5 13. h5 b4 14. Na4 Bxd4 15. Qxd4 a5 16. Kb1 f6 17. exf6 Qxf6 18. g3 Ba6 19. Qxf6 Rxf6 20. c4 bxc3 21. Nxc3 Bxf1 22. Rhxf1 Nb6 23. Rfe1 Rb8 24. Rd4 g6 25. hxg6 Rxg6 26. Ne2 Nc4 27. b3 a4 28. Kc2 axb3+ 29. axb3 Ne3+ 30. Kb2 Nf5 31. Rd3 Kf7 32. Rc1 Rh6 33. g4 Rh2 34. Rc2 Nd6 35. Nd4 Rxc2+ 36. Kxc2 h6 37. Nf3 Kf6 38. Ne5 Rb4 39. Rf3 Nb5 40. Nc6 1-0

[Event "FRA-chT2 0304"]
[Site "France"]
[Date "2003.11.16"]
[Round "3"]
[White "Todorov, Todor"]
[Black "Moltchanov, Roman"]
[Result "1-0"]
[WhiteElo "2472"]
[BlackElo "2396"]
[PlyCount "107"]
[EventDate "2003.10.??"]
[EventType "team"]
[EventRounds "11"]
[EventCountry "FRA"]
[SourceTitle "EXT 2005"]
[Source "ChessBase"]
[SourceDate "2004.11.15"]
[SourceVersion "1"]
[SourceVersionDate "2004.11.15"]
[SourceQuality "1"]
[WhiteTeam "Bois Colombes"]
[BlackTeam "Deauville"]
[WhiteTeamCountry "FRA"]
[BlackTeamCountry "FRA"]

1. e4 c5 2. b3 e5 3. Bb2 Nc6 4. f4 exf4 5. Nf3 d6 6. Bc4 Be6 7. Qe2 Nf6 8. Nc3 Be7 9. Nd5 0-0 10. Nxf4 Bxc4 11. bxc4 Ng4 12. Nd5 Bf6 13. Nxf6+ Nxf6 14. 0-0 Re8 15. d3 Nd7 16. Qf2 Qe7 17. Nh4 Nde5 18. Nf5 Qf6 19. Rab1 b6 20. Qg3 Rad8 21. Rf4 Qg6 22. Qh3 Ne7 23. Bxe5 dxe5 24. Rg4 Qf6 25. Nxg7 Qxg7 26. Rxg7+ Kxg7 27. Rf1 f6 28. Qg4+ Ng6 29. h4 Kf7 30. g3 Re6 31. Qf5 Rg8 32. Kh2 Rg7 33. a4 a5 34. Rb1 Nf8 35. Rf1 Ke7 36. g4 Nd7 37. Qh5 Kd6 38. Rf5 Kc7 39. Kh3 Ree7 40. Qh6 Rg6 41. Qe3 Reg7 42. g5 fxg5 43. hxg5 h6 44. gxh6 Rh7 45. Rh5 Nf6 46. Rh4 Ng8 47. Qf2 Rgxh6 48. Rxh6 Rxh6+ 49. Kg4 Ne7 50. Qf8 Re6 51. Qa8 Kd6 52. Qd8+ Kc6 53. Kh5 Ng6 54. Qc8+ 1-0

[Event "FRA-chT2 0304"]
[Site "France"]
[Date "2003.11.15"]
[Round "2"]
[White "Demarre, Jacques"]
[Black "Moltchanov, Roman"]
[Result "0-1"]
[WhiteElo "2302"]
[BlackElo "2396"]
[PlyCount "114"]
[EventDate "2003.10.??"]
[EventType "team"]
[EventRounds "11"]
[EventCountry "FRA"]
[SourceTitle "EXT 2005"]
[Source "ChessBase"]
[SourceDate "2004.11.15"]
[SourceVersion "1"]
[SourceVersionDate "2004.11.15"]
[SourceQuality "1"]
[WhiteTeam "Issy les Moulineaux"]
[BlackTeam "Deauville"]
[WhiteTeamCountry "FRA"]
[BlackTeamCountry "FRA"]

1. d4 Nf6 2. c4 c5 3. d5 b5 4. cxb5 a6 5. Nc3 axb5 6. e4 b4 7. Nb5 d6 8. Bf4 g5 9. Bxg5 Nxe4 10. Bf4 Bg7 11. Qe2 Nf6 12. Nxd6+ Kf8 13. Nxc8 Qxc8 14. Qf3 e6 15. d6 Nc6 16. Qh3 h5 17. Bc4 Nd5 18. Bxd5 exd5 19. d7 Qa6 20. Bd6+ Kg8 21. Bxc5 Rh6 22. Ne2 Re6 23. Qxh5 d4 24. 0-0 Qxe2 25. Qxe2 Rxe2 26. Bb6 Bf6 27. Rac1 Re6 28. Rfe1 Rxe1+ 29. Rxe1 Bd8 30. Re8+ Kg7 31. Kf1 Rb8 32. Bc5 Rb7 33. Bxd4+ Nxd4 34. Rxd8 Ne6 35. Rc8 Rxd7 36. Rb8 Nf4 37. f3 Rd1+ 38. Kf2 Rb1 39. b3 Nd5 40. Rd8 Rb2+ 41. Kg3 Nc3 42. Ra8 Rxa2 43. Rb8 Nd5 44. Rb5 Rd2 45. h4 Kf6 46. Rb7 Rd3 47. Rb5 Ke6 48. h5 Rxb3 49. h6 Rb1 50. Kh2 Rc1 51. g4 Rc8 52. Kg3 Kd6 53. g5 Kc6 54. Ra5 b3 55. Ra3 Rb8 56. h7 b2 57. h8Q Rxh8 0-1

[Event "Agneaux St Lo op 06th"]
[Site "Agneaux"]
[Date "2002.02.19"]
[Round "6"]
[White "Moltchanov, Roman"]
[Black "Gosselin, David"]
[Result "1-0"]
[WhiteElo "2379"]
[BlackElo "2080"]
[PlyCount "39"]
[EventDate "2002.02.15"]
[EventType "swiss"]
[EventRounds "7"]
[EventCountry "FRA"]
[SourceTitle "EXT 2003"]
[Source "ChessBase"]
[SourceDate "2002.11.25"]
[SourceVersion "1"]
[SourceVersionDate "2002.11.25"]
[SourceQuality "1"]

1. e4 d6 2. d4 Nf6 3. Nc3 g6 4. Nf3 Bg7 5. h3 c6 6. a4 0-0 7. Be3 Qa5 8. Nd2 e5 9. dxe5 dxe5 10. Nc4 Qb4 11. Qd6 Na6 12. 0-0-0 c5 13. Qd3 Be6 14. Be2 h6 15. b3 Rad8 16. Qxd8 Bxc4 17. Bxc4 Qa3+ 18. Kb1 Rxd8 19. Rxd8+ Kh7 20. Nb5 1-0

[Event "Agneaux St Lo op 06th"]
[Site "Agneaux"]
[Date "2002.02.19"]
[Round "5"]
[White "Poley, Vladimir"]
[Black "Moltchanov, Roman"]
[Result "1-0"]
[WhiteElo "2344"]
[BlackElo "2379"]
[PlyCount "83"]
[EventDate "2002.02.15"]
[EventType "swiss"]
[EventRounds "7"]
[EventCountry "FRA"]
[SourceTitle "EXT 2003"]
[Source "ChessBase"]
[SourceDate "2002.11.25"]
[SourceVersion "1"]
[SourceVersionDate "2002.11.25"]
[SourceQuality "1"]

1. d4 d5 2. Nf3 Nf6 3. g3 c6 4. Bg2 Bf5 5. 0-0 h6 6. Nbd2 e6 7. c4 Nbd7 8. b3 Bd6 9. Bb2 0-0 10. e3 a5 11. Nh4 Bh7 12. a4 e5 13. cxd5 cxd5 14. Nhf3 e4 15. Ne5 Bf5 16. f3 exf3 17. Qxf3 Bh7 18. Bh3 Nb6 19. Rac1 Qe7 20. Qe2 Bb4 21. Ndf3 Nc8 22. Nd3 Nd6 23. Nfe5 Nde4 24. Rc2 Ng5 25. Bg2 Bd6 26. Rcc1 Nge4 27. Nf4 Bb4 28. Rc2 Ng5 29. Nxd5 Nxd5 30. Bxd5 Bxc2 31. Qxc2 Bd6 32. Nc4 Kh8 33. Qf5 Rae8 34. Bg2 b6 35. Qd5 Rd8 36. Qc6 Rfe8 37. Qxb6 Bc7 38. Qc6 Rb8 39. d5 Rb6 40. Nxb6 Qxe3+ 41. Kh1 Qxb6 42. Qxe8+ 1-0

[Event "Agneaux St Lo op 06th"]
[Site "Agneaux"]
[Date "2002.02.18"]
[Round "3"]
[White "Moltchanov, Roman"]
[Black "Tetenkina, Irina"]
[Result "1-0"]
[WhiteElo "2379"]
[BlackElo "2252"]
[PlyCount "101"]
[EventDate "2002.02.15"]
[EventType "swiss"]
[EventRounds "7"]
[EventCountry "FRA"]
[SourceTitle "EXT 2003"]
[Source "ChessBase"]
[SourceDate "2002.11.25"]
[SourceVersion "1"]
[SourceVersionDate "2002.11.25"]
[SourceQuality "1"]

1. e4 e6 2. d4 d5 3. Nc3 dxe4 4. Nxe4 Nd7 5. Nf3 Ngf6 6. Bg5 h6 7. Bxf6 Nxf6 8. Nxf6+ Qxf6 9. Bb5+ c6 10. Bd3 Bd6 11. Qe2 Bd7 12. Ne5 0-0-0 13. 0-0 c5 14. Nc4 Bc7 15. dxc5 Bc6 16. b4 Rd4 17. Nd6+ Bxd6 18. cxd6 Qg5 19. f3 Rxb4 20. Qf2 Kb8 21. c4 Qe5 22. c5 Rb2 23. Rfe1 Qxh2+ 24. Kxh2 Rxf2 25. Be2 Rc8 26. Kg3 Rxe2 27. Rxe2 Bb5 28. Rc2 Rc6 29. a4 Ba6 30. Rac1 Kc8 31. Rb2 Kd7 32. Kf2 e5 33. Ke3 f5 34. a5 Rc8 35. g3 Re8 36. Rb4 Kc6 37. Rc3 g5 38. Rb2 h5 39. Rd2 Kd7 40. Rh2 f4+ 41. Ke4 fxg3 42. Rxh5 Rg8 43. Rh3 g2 44. Rg3 Bf1 45. Kd5 g4 46. c6+ bxc6+ 47. Rxc6 Be2 48. Rc7+ Kd8 49. fxg4 Rxg4 50. Rg7 Bf3+ 51. Ke6 1-0

[Event "Avoine op 15th"]
[Site "Avoine"]
[Date "2000.07.29"]
[Round "8"]
[White "Moltchanov, Roman"]
[Black "Delalande, Thierry"]
[Result "1-0"]
[WhiteElo "2383"]
[BlackElo "2123"]
[PlyCount "59"]
[EventDate "2000.07.03"]
[EventType "swiss"]
[EventRounds "9"]
[EventCountry "FRA"]
[SourceTitle "EXT 2001"]
[Source "ChessBase"]
[SourceDate "2000.11.22"]
[SourceVersion "1"]
[SourceVersionDate "2000.11.22"]
[SourceQuality "1"]

1. e4 c5 2. Nf3 d6 3. d4 cxd4 4. Nxd4 Nf6 5. Nc3 a6 6. Be2 e6 7. 0-0 Be7 8. Be3 0-0 9. f4 Qc7 10. a4 Nc6 11. Nb3 b6 12. Bf3 Bb7 13. g4 Nb4 14. g5 Nd7 15. Bg2 Rfd8 16. Nd4 Rac8 17. Rf2 Nc5 18. Qh5 g6 19. Qh4 Bf8 20. Raf1 Rd7 21. Rf3 d5 22. f5 dxe4 23. Rh3 h5 24. fxg6 fxg6 25. Nxe4 Nxe4 26. Bxe4 Qe5 27. Bxg6 Qd5 28. Nf3 Bg7 29. Qxh5 Bxb2 30. Bh7+ 1-0

[Event "Voronezh op 3rd"]
[Site "Voronezh"]
[Date "1999.06.16"]
[Round "5"]
[White "Moltchanov, Roman"]
[Black "Alekseev, Evgeny V"]
[Result "1/2-1/2"]
[WhiteElo "2411"]
[BlackElo "2300"]
[PlyCount "130"]
[EventDate "1999.06.??"]
[EventType "swiss"]
[EventRounds "9"]
[EventCountry "RUS"]
[SourceTitle "EXT 2000"]
[Source "ChessBase"]
[SourceDate "1999.11.16"]
[SourceVersion "1"]
[SourceVersionDate "1999.11.16"]
[SourceQuality "1"]

1. e4 d5 2. exd5 Nf6 3. d4 Nxd5 4. Nf3 g6 5. Bc4 Bg7 6. 0-0 0-0 7. Re1 Nb6 8. Bb3 Nc6 9. c3 e5 10. Nxe5 Nxe5 11. dxe5 Qxd1 12. Bxd1 Re8 13. f4 f6 14. Nd2 fxe5 15. Nf3 e4 16. Ng5 h6 17. Nxe4 Bf5 18. Bf3 Re6 19. Re2 Rae8 20. Ng3 Bd3 21. Rxe6 Rxe6 22. Bd2 c6 23. Rd1 Nc4 24. Bc1 Bf8 25. Rxd3 Re1+ 26. Kf2 Rxc1 27. b3 Rc2+ 28. Be2 Nd6 29. a4 Kf7 30. Kf3 a5 31. Bd1 Rb2 32. Nf1 Nf5 33. Rd2 Nh4+ 34. Kg3 Nf5+ 35. Kf3 Nh4+ 36. Kg3 Nf5+ 37. Kf2 Rxd2+ 38. Nxd2 Bc5+ 39. Ke2 Be7 40. Bc2 Nd6 41. Be4 g5 42. fxg5 Bxg5 43. Bf3 c5 44. Kd3 b6 45. g3 Kg7 46. Nf1 Kf7 47. Ne3 Bd8 48. Bg4 Kf6 49. Bd7 Ke7 50. Bh3 Kf6 51. c4 Nf7 52. Bg4 Nd6 53. h4 Ke5 54. Bh3 h5 55. Nf1 Ne4 56. Bg2 Nf6 57. Bf3 Bc7 58. Ne3 Ke6 59. g4 hxg4 60. Bxg4+ Ke5 61. Bf3 Bd8 62. h5 Kf4 63. Be2 Ng8 64. Nd5+ Ke5 65. Ke3 Nh6 1/2-1/2

[Event "Voronezh op 3rd"]
[Site "Voronezh"]
[Date "1999.06.14"]
[Round "3"]
[White "Moltchanov, Roman"]
[Black "Kondenko, Alexey"]
[Result "1/2-1/2"]
[WhiteElo "2411"]
[BlackElo "2254"]
[PlyCount "76"]
[EventDate "1999.06.??"]
[EventType "swiss"]
[EventRounds "9"]
[EventCountry "RUS"]
[SourceTitle "EXT 2000"]
[Source "ChessBase"]
[SourceDate "1999.11.16"]
[SourceVersion "1"]
[SourceVersionDate "1999.11.16"]
[SourceQuality "1"]

1. e4 g6 2. d4 Bg7 3. Nc3 d6 4. Be3 a6 5. Qd2 Nc6 6. 0-0-0 b5 7. f3 Bd7 8. g4 Qb8 9. h4 h5 10. g5 b4 11. Nce2 e6 12. Bh3 Nge7 13. d5 Ne5 14. Bd4 Qb5 15. dxe6 Bxe6 16. f4 Nc4 17. Qd3 Bxh3 18. Bxg7 Rg8 19. Nxh3 Rxg7 20. Nd4 Qc5 21. b3 Na3 22. f5 Nc6 23. Nxc6 Qxc6 24. Nf4 0-0-0 25. fxg6 fxg6 26. Ne6 Re7 27. Nxd8 Kxd8 28. Rde1 Re5 29. Rhf1 Kc8 30. Re2 Rc5 31. Kb2 Kb7 32. Rf6 Qe8 33. e5 Rxe5 34. Rff2 Qh8 35. Rxe5 Qxe5+ 36. c3 Nb5 37. Re2 bxc3+ 38. Kb1 c2+ 1/2-1/2

[Event "Agneaux St Lo op 02nd"]
[Site "Agneaux"]
[Date "1998.??.??"]
[Round "?"]
[White "Godard, Maxence"]
[Black "Moltchanov, Roman"]
[Result "1-0"]
[WhiteElo "2265"]
[BlackElo "2420"]
[PlyCount "57"]
[EventDate "1998.02.??"]
[EventType "swiss"]
[EventRounds "7"]
[EventCountry "FRA"]
[SourceTitle "EXT 2003"]
[Source "ChessBase"]
[SourceDate "2002.11.25"]
[SourceVersion "1"]
[SourceVersionDate "2002.11.25"]
[SourceQuality "1"]

1. d4 Nf6 2. Nf3 d5 3. c4 c6 4. Nc3 e6 5. e3 Nbd7 6. Bd3 dxc4 7. Bxc4 b5 8. Bd3 Bb7 9. e4 a6 10. e5 Nd5 11. Nxd5 cxd5 12. Ng5 g6 13. h4 h6 14. Nxe6 fxe6 15. Bxg6+ Ke7 16. Qf3 Qb6 17. Be3 Kd8 18. 0-0 Rc8 19. Rac1 Bc6 20. Qf7 Be7 21. h5 Bg5 22. Bxg5+ hxg5 23. Qxe6 Bb7 24. Qf5 Rc4 25. b3 Rc6 26. Qxg5+ Kc7 27. e6 Qxd4 28. exd7 Rd8 29. Be8 1-0

[Event "Agneaux St Lo op 02nd"]
[Site "Agneaux"]
[Date "1998.??.??"]
[Round "?"]
[White "Moltchanov, Roman"]
[Black "Amoyal, Pierre"]
[Result "1-0"]
[WhiteElo "2420"]
[BlackElo "2060"]
[PlyCount "43"]
[EventDate "1998.02.??"]
[EventType "swiss"]
[EventRounds "7"]
[EventCountry "FRA"]
[SourceTitle "EXT 2003"]
[Source "ChessBase"]
[SourceDate "2002.11.25"]
[SourceVersion "1"]
[SourceVersionDate "2002.11.25"]
[SourceQuality "1"]

1. e4 c5 2. Nf3 d6 3. d4 cxd4 4. Nxd4 Nf6 5. Nc3 a6 6. Be2 e5 7. Nb3 Be7 8. 0-0 Be6 9. f4 Qc7 10. Kh1 Nbd7 11. f5 Bc4 12. a4 Rc8 13. a5 Bxe2 14. Qxe2 Qc4 15. Qf3 Nc5 16. Nxc5 Qxc5 17. Bg5 Qb4 18. Bxf6 Bxf6 19. Nd5 Qxb2 20. c3 Qc2 21. Rab1 Bd8 22. f6 1-0

[Event "Cannes op-B 18th"]
[Site "Cannes"]
[Date "1997.??.??"]
[Round "4"]
[White "Moltchanov, Roman"]
[Black "Akopyan, Harutyun"]
[Result "1-0"]
[WhiteElo "2285"]
[BlackElo "2350"]
[PlyCount "117"]
[EventDate "1997.02.22"]
[EventType "swiss"]
[EventRounds "9"]
[EventCountry "FRA"]
[SourceTitle "CBM 057 Extra"]
[Source "ChessBase"]
[SourceDate "1997.05.01"]
[SourceVersion "1"]
[SourceVersionDate "1997.05.01"]
[SourceQuality "1"]

1. e4 c5 2. Nf3 Nc6 3. d4 cxd4 4. Nxd4 Qb6 5. Nb3 Nf6 6. Nc3 e6 7. Be3 Qc7 8. Bd3 a6 9. f4 d6 10. g4 b5 11. g5 Nd7 12. Qf3 Bb7 13. 0-0-0 Nb4 14. Kb1 0-0-0 15. Rhe1 Nc5 16. Qf2 Kb8 17. Nxc5 dxc5 18. Bf1 Be7 19. a3 Nc6 20. e5 Nd4 21. Bxd4 cxd4 22. Ne4 Qb6 23. c3 Rd7 24. Bg2 Rhd8 25. Rd3 Qc7 26. cxd4 Qc4 27. Red1 Bd5 28. Nc3 Bxg2 29. Qxg2 Rxd4 30. Rxd4 Rxd4 31. Rxd4 Qxd4 32. Qc6 Qd3+ 33. Kc1 b4 34. axb4 Bd8 35. Ne4 Qf3 36. Qd6+ Bc7 37. Qf8+ Ka7 38. Qc5+ Kb8 39. Qf8+ Ka7 40. Qxf7 Qxe4 41. Qxc7+ Ka8 42. Qc8+ Ka7 43. Qd7+ Kb8 44. Qxe6 Qxf4+ 45. Kb1 Qxb4 46. Qg8+ Kb7 47. Qxg7+ Kc6 48. Qf6+ Kb5 49. Qf1+ Kb6 50. Qe2 Kc7 51. e6 Qe7 52. Qe5+ Kc8 53. h4 Qd8 54. Kc2 Qb6 55. e7 Qf2+ 56. Kc3 Qf3+ 57. Kc4 Qf1+ 58. Kb4 a5+ 59. Kxa5 1-0

[Event "Cannes op-B 18th"]
[Site "Cannes"]
[Date "1997.??.??"]
[Round "6"]
[White "Moltchanov, Roman"]
[Black "Doghri, Nabil"]
[Result "1/2-1/2"]
[WhiteElo "2285"]
[BlackElo "2305"]
[PlyCount "73"]
[EventDate "1997.02.22"]
[EventType "swiss"]
[EventRounds "9"]
[EventCountry "FRA"]
[SourceTitle "CBM 057 Extra"]
[Source "ChessBase"]
[SourceDate "1997.05.01"]
[SourceVersion "1"]
[SourceVersionDate "1997.05.01"]
[SourceQuality "1"]

1. e4 c5 2. Nf3 Nc6 3. d4 cxd4 4. Nxd4 e5 5. Nb5 Nf6 6. N1c3 d6 7. Bg5 a6 8. Na3 b5 9. Bxf6 gxf6 10. Nd5 Bg7 11. Bd3 Be6 12. 0-0 f5 13. Qh5 f4 14. c4 0-0 15. cxb5 Nd4 16. Nc2 Nxc2 17. Bxc2 axb5 18. Rfd1 Rc8 19. Rac1 h6 20. Bb3 Re8 21. Qe2 Qg5 22. f3 Rxc1 23. Rxc1 Rb8 24. Rc7 Bf6 25. Nxf6+ Qxf6 26. Qd3 Bc4 27. Bxc4 bxc4 28. Qa3 Qh4 29. Kf1 Qxh2 30. Rxc4 Qh1+ 31. Kf2 Kh8 32. Qc3 Rg8 33. Rc8 Qxg2+ 34. Ke1 Qg1+ 35. Ke2 Qg2+ 36. Ke1 Qg1+ 37. Ke2 1/2-1/2